[Event "VIII CAMPEONATO CONTINENTAL DE LAS AMERI"]
[Site "Hotel Casa Campestre - Cochaba"]
[Date "2013.05.10"]
[Round "5"]
[White "Rojas Barrero, Andres Humberto"]
[Black "Cori, Jorge"]
[Result "0-1"]
[WhiteElo "2227"]
[BlackElo "2546"]
[PlyCount "70"]
[EventDate "2013.05.07"]
[EventRounds "11"]
[EventCountry "BOL"]

1. e4 c5 2. Nf3 e6 3. d4 cxd4 4. Nxd4 Nc6 5. Nc3 Qc7 6. Be3 a6 7. Bd3 b5 8. O-O
Bb7 9. Nb3 Nf6 10. f4 d6 11. Qf3 g6 12. g4 Bg7 13. a4 b4 14. Ne2 h5 15. g5 Ng4
16. Bd2 Qb6+ 17. Kg2 Ne7 18. a5 Qa7 19. Bxb4 Ne3+ 20. Kh3 Nxf1 21. Rxf1 Rd8 22.
c3 O-O 23. Qg3 Qa8 24. Nd2 Nc6 25. Ba3 Nxa5 26. f5 Be5 27. Qf2 Qc8 28. f6 d5
29. Bc2 Bd6 30. Bxd6 e5+ 31. Kg2 Rxd6 32. h3 dxe4 33. Nxe4 Rd2 34. Bb1 Qc4 35.
Kf3 Rfd8 0-1

[Event "VIII CAMPEONATO CONTINENTAL DE LAS AMERI"]
[Site "Hotel Casa Campestre - Cochaba"]
[Date "2013.05.10"]
[Round "5"]
[White "Lopez, Diego"]
[Black "Rios, Cristhian Camilo"]
[Result "1-0"]
[WhiteElo "2171"]
[BlackElo "2362"]
[PlyCount "57"]
[EventDate "2013.05.07"]
[EventRounds "11"]
[EventCountry "BOL"]

1. d4 Nf6 2. c4 e6 3. Nc3 Bb4 4. f3 d5 5. a3 Bxc3+ 6. bxc3 O-O 7. cxd5 exd5 8.
e3 b6 9. Bd3 c5 10. Ne2 Ba6 11. O-O Bxd3 12. Qxd3 Nc6 13. Ng3 Qd7 14. Re1 Rac8
15. Bb2 cxd4 16. cxd4 Na5 17. e4 Nc4 18. Re2 dxe4 19. fxe4 Rfd8 20. Rd1 Qa4 21.
Bc1 Ne5 22. Qd2 Nc6 23. d5 Na5 24. Qe1 Re8 25. Bb2 Nd7 26. Nf5 Rc2 27. Qg3 g6
28. Nh6+ Kf8 29. Qf2 1-0

[Event "VIII CAMPEONATO CONTINENTAL DE LAS AMERI"]
[Site "Hotel Casa Campestre - Cochaba"]
[Date "2013.05.10"]
[Round "5"]
[White "Gemy, Jose Daniel"]
[Black "Martinez Alcantara, Jose Eduar"]
[Result "0-1"]
[WhiteElo "2320"]
[BlackElo "2208"]
[PlyCount "76"]
[EventDate "2013.05.07"]
[EventRounds "11"]
[EventCountry "BOL"]

1. Nf3 Nf6 2. g3 g6 3. Bg2 Bg7 4. O-O O-O 5. d3 d6 6. Nbd2 c5 7. c3 Nc6 8. Qa4
Bd7 9. Qh4 b5 10. Rd1 b4 11. cxb4 Nxb4 12. a3 Nc6 13. Nc4 Rb8 14. Rb1 Na5 15.
Nxa5 Qxa5 16. Bd2 Qa6 17. Bc3 e5 18. Nd2 Bg4 19. Ne4 Nxe4 20. Qxg4 Nxc3 21.
bxc3 Rxb1 22. Rxb1 Qxa3 23. Bd5 Qxc3 24. e4 Qxd3 25. Rb3 Qd4 26. Rb7 h5 27. Qf3
Kh7 28. Bxf7 d5 29. exd5 c4 30. Qe2 c3 31. d6 Qxd6 32. Bb3 Kh8 33. Bc2 a5 34.
Ra7 e4 35. Ra6 Qd2 36. Qxd2 cxd2 37. Rd6 Bc3 38. Bxe4 Re8 0-1

[Event "VIII CAMPEONATO CONTINENTAL DE LAS AMERI"]
[Site "Hotel Casa Campestre - Cochaba"]
[Date "2013.05.10"]
[Round "5"]
[White "Latorre, Matias"]
[Black "Sanchez Sandoval, Gonzalo"]
[Result "1-0"]
[WhiteElo "2254"]
[BlackElo "2103"]
[PlyCount "115"]
[EventDate "2013.05.07"]
[EventRounds "11"]
[EventCountry "BOL"]

1. Nf3 Nf6 2. b3 e6 3. Bb2 b6 4. g3 Bb7 5. Bg2 Be7 6. O-O O-O 7. c4 d6 8. d4
Nbd7 9. Nc3 c5 10. d5 e5 11. e4 Ne8 12. Ne1 Bf6 13. Nd3 g6 14. Qe2 a6 15. a4
Bg7 16. Rae1 Nc7 17. f4 b5 18. Nd1 bxc4 19. bxc4 Bc8 20. Ne3 Rb8 21. Rb1 Ne8
22. Bc3 Rxb1 23. Rxb1 exf4 24. Bxg7 f3 25. Bxf3 Nxg7 26. Qd2 Qf6 27. Kg2 Qd4
28. Rd1 f5 29. exf5 Re8 30. Ng4 Nxf5 31. Re1 Rf8 32. Re4 Qa1 33. Nf4 h5 34. Nf2
Ne5 35. Bd1 Nd4 36. Rxe5 dxe5 37. Nxg6 Rxf2+ 38. Kxf2 Nf5 39. d6 Qd4+ 40. Qxd4
exd4 41. Ne7+ Nxe7 42. dxe7 Kf7 43. Bxh5+ Kxe7 44. a5 Bb7 45. Bg6 Kf6 46. Bd3
Ke5 47. h4 Be4 48. Bxe4 Kxe4 49. h5 Kf5 50. Kf3 Kg5 51. g4 Kf6 52. Kf4 Kg7 53.
g5 Kh7 54. g6+ Kg7 55. Kg5 d3 56. h6+ Kh8 57. Kf6 d2 58. Kf7 1-0

[Event "VIII CAMPEONATO CONTINENTAL DE LAS AMERI"]
[Site "Hotel Casa Campestre - Cochaba"]
[Date "2013.05.10"]
[Round "5"]
[White "Chumpitaz, Ann"]
[Black "Gutierrez, Carmelo"]
[Result "1/2-1/2"]
[WhiteElo "2155"]
[BlackElo "2253"]
[PlyCount "72"]
[EventDate "2013.05.07"]
[EventRounds "11"]
[EventCountry "BOL"]

1. d4 Nf6 2. c4 e6 3. a3 c5 4. e3 b6 5. Nc3 cxd4 6. exd4 d5 7. Nf3 Be7 8. cxd5
Nxd5 9. Bb5+ Bd7 10. Bd3 Nxc3 11. bxc3 O-O 12. Ne5 Nc6 13. Nxd7 Qxd7 14. O-O
Rfd8 15. Qf3 g6 16. Bf4 Na5 17. a4 Bd6 18. Bg5 Be7 19. Bf4 Bd6 20. Bg5 Be7 21.
Bf4 Bf6 22. Rfd1 Qe7 23. Re1 Rac8 24. Ba6 Ra8 25. Rad1 Qd7 26. Bh6 Rf8 27. Bb5
Qd6 28. Bf4 Qa3 29. Ra1 Qe7 30. Qg3 Rfd8 31. h4 Rd5 32. Be2 Rad8 33. Bf3 Rf5
34. Bg4 Rfd5 35. Bf3 Rf5 36. Bg4 Rfd5 1/2-1/2

[Event "VIII CAMPEONATO CONTINENTAL DE LAS AMERI"]
[Site "Hotel Casa Campestre - Cochaba"]
[Date "2013.05.10"]
[Round "5"]
[White "Arias, Juan Carlos"]
[Black "Kropff, Ricardo"]
[Result "0-1"]
[WhiteElo "2113"]
[BlackElo "2224"]
[PlyCount "104"]
[EventDate "2013.05.07"]
[EventRounds "11"]
[EventCountry "BOL"]

1. d4 Nf6 2. Nf3 d5 3. g3 c6 4. Bg2 Bf5 5. O-O h6 6. b3 e6 7. c4 Nbd7 8. Bb2
Be7 9. Nbd2 O-O 10. Ne5 Bh7 11. Nxd7 Qxd7 12. Re1 Rad8 13. e3 Rfe8 14. Qe2 b5
15. cxb5 cxb5 16. Bf1 Rb8 17. a3 a5 18. Rec1 Qb7 19. f3 Bd6 20. f4 Nd7 21. Bc3
a4 22. Bb4 Bxb4 23. axb4 Rec8 24. bxa4 Rxc1 25. Rxc1 bxa4 26. b5 Nb6 27. Nf3 f6
28. Qb2 Nc4 29. Bxc4 dxc4 30. Nd2 Qxb5 31. Qxb5 Rxb5 32. Rxc4 Rb2 33. Rc8+ Kf7
34. Nc4 Rb1+ 35. Kf2 Bd3 36. e4 Kg6 37. Nd2 Rb2 38. Ke3 Bc2 39. Ra8 Bd1 40. d5
exd5 41. exd5 Kf5 42. h3 h5 43. Ra5 Rb4 44. Kd3 h4 45. gxh4 Rxf4 46. Nc4 Be2+
47. Kxe2 Rxc4 48. h5 Rh4 49. Ra7 Rxh3 50. Rxg7 a3 51. Ra7 a2 52. Kf2 Rh1 0-1

[Event "VIII CAMPEONATO CONTINENTAL DE LAS AMERI"]
[Site "Hotel Casa Campestre - Cochaba"]
[Date "2013.05.10"]
[Round "5"]
[White "Vasquez Schroeder, Rodrigo"]
[Black "Molina, Jorge"]
[Result "1-0"]
[WhiteElo "2554"]
[BlackElo "2144"]
[PlyCount "135"]
[EventDate "2013.05.07"]
[EventRounds "11"]
[EventCountry "BOL"]

1. d4 Nf6 2. c4 c5 3. d5 b5 4. cxb5 a6 5. bxa6 Bxa6 6. Nc3 d6 7. e4 Bxf1 8.
Kxf1 g6 9. g3 Bg7 10. Kg2 Nbd7 11. h3 O-O 12. Nf3 Ra6 13. Bg5 h6 14. Be3 Ne8
15. Qd3 Qa8 16. b3 Nc7 17. Rad1 Qb7 18. Rhe1 Rb8 19. Re2 Nb5 20. Nxb5 Qxb5 21.
Qc2 Kh7 22. Bf4 Qb7 23. Rdd2 Nb6 24. Qc1 Rc8 25. Rc2 Rf8 26. Nd2 f5 27. f3 fxe4
28. fxe4 g5 29. Be3 Qa8 30. Qb1 Kh8 31. Rf2 Nd7 32. Rxf8+ Qxf8 33. Qf1 Qxf1+
34. Kxf1 Ne5 35. Ke2 Kg8 36. a4 Kf7 37. Ra2 e6 38. dxe6+ Kxe6 39. Rc2 Bf6 40.
g4 Bd8 41. Kd1 Ra8 42. Rc1 Ba5 43. Kc2 Bxd2 44. Bxd2 c4 45. a5 cxb3+ 46. Kxb3
Nd3 47. Rc4 Nc5+ 48. Kc2 Nb7 49. Bc3 Kd7 50. Rb4 Nc5 51. Rc4 Nb7 52. Kd1 Ra7
53. Ra4 Nc5 54. Rd4 Kc6 55. Ke2 Re7 56. Kf3 Rf7+ 57. Ke3 Re7 58. Bb4 Re5 59. a6
Re7 60. Bxc5 Kxc5 61. Rd5+ Kc6 62. Ra5 Ra7 63. Kd4 Kb6 64. Ra2 Kc6 65. Ra3 Kc7
66. Kd5 Kd7 67. Ra4 Kc7 68. Rc4+ 1-0

[Event "VIII CAMPEONATO CONTINENTAL DE LAS AMERI"]
[Site "Hotel Casa Campestre - Cochaba"]
[Date "2013.05.10"]
[Round "5"]
[White "Cornejo P, Guillermo"]
[Black "Monroy Carrizo, Javier"]
[Result "1-0"]
[WhiteElo "2222"]
[BlackElo "2053"]
[PlyCount "59"]
[EventDate "2013.05.07"]
[EventRounds "11"]
[EventCountry "BOL"]

1. e4 g6 2. d4 Bg7 3. Nf3 b6 4. c4 Bb7 5. Nc3 d6 6. Be2 Nd7 7. O-O e6 8. Bg5 f6
9. Be3 Ne7 10. Qb3 O-O 11. c5 d5 12. Rac1 c6 13. Rfe1 h6 14. Bf4 Kh7 15. exd5
cxd5 16. Bd6 Re8 17. Nb5 bxc5 18. Nc7 Bc6 19. Nxe8 Qxe8 20. dxc5 Nf5 21. Bd3
Nxd6 22. cxd6 Nb6 23. Bxg6+ Qxg6 24. Rxc6 e5 25. Rc7 Rd8 26. Nh4 Qg5 27. Qg3
Kg8 28. Nf5 Rd7 29. Qxg5 hxg5 30. Rec1 1-0

[Event "VIII CAMPEONATO CONTINENTAL DE LAS AMERI"]
[Site "Hotel Casa Campestre - Cochaba"]
[Date "2013.05.10"]
[Round "5"]
[White "Martinez, Ariel A"]
[Black "Acosta, Mariano"]
[Result "1/2-1/2"]
[WhiteElo "2203"]
[BlackElo "1958"]
[PlyCount "108"]
[EventDate "2013.05.07"]
[EventRounds "11"]
[EventCountry "BOL"]

1. e4 e5 2. Nf3 Nc6 3. Bb5 a6 4. Ba4 Nf6 5. O-O Be7 6. Re1 b5 7. Bb3 d6 8. d3
Na5 9. Nbd2 O-O 10. h3 Nxb3 11. axb3 Re8 12. Nf1 Bf8 13. Bg5 h6 14. Bxf6 Qxf6
15. Ne3 Bb7 16. g4 c6 17. Nf5 g6 18. Ng3 Bg7 19. Kg2 d5 20. Qd2 Rad8 21. Qa5
Rd7 22. Qb6 Qd8 23. Qxd8 Rdxd8 24. b4 d4 25. Red1 Bf8 26. c3 dxc3 27. bxc3 c5
28. bxc5 Bxc5 29. Nxe5 Rxe5 30. d4 Bxe4+ 31. f3 Bxf3+ 32. Kxf3 Red5 33. Rxa6 b4
34. Ne4 Be7 35. Ra7 Kf8 36. Ke3 bxc3 37. Nxc3 Bg5+ 38. Ke4 f5+ 39. gxf5 gxf5+
40. Kf3 Rxd4 41. Rxd4 Rxd4 42. Nb5 Rd3+ 43. Kg2 Bf4 44. Ra3 Rd2+ 45. Kf3 Be5
46. Re3 Rd5 47. Nc3 Ra5 48. Ne2 Kf7 49. Rb3 Ra6 50. Nc1 Kf6 51. Rb5 Rd6 52. Ke2
Rd4 53. Nd3 Bd6 54. Rb6 Ke7 1/2-1/2

[Event "VIII CAMPEONATO CONTINENTAL DE LAS AMERI"]
[Site "Hotel Casa Campestre - Cochaba"]
[Date "2013.05.10"]
[Round "5"]
[White "Herrera, Fernando"]
[Black "Lopez, Mario Iver"]
[Result "0-1"]
[WhiteElo "2086"]
[BlackElo "2197"]
[PlyCount "92"]
[EventDate "2013.05.07"]
[EventRounds "11"]
[EventCountry "BOL"]

1. Nf3 Nf6 2. d4 c5 3. d5 Qc7 4. c4 e5 5. Nc3 d6 6. e4 Be7 7. h3 a6 8. Bd3 Nbd7
9. g4 Rb8 10. a4 b6 11. Be3 h6 12. Qe2 Nf8 13. Qd2 Bd7 14. Ng1 N6h7 15. f4 exf4
16. Bxf4 Bh4+ 17. Kd1 Ng5 18. Qe3 Ng6 19. Bh2 O-O 20. Nf3 Nxf3 21. Qxf3 Rbe8
22. Kc2 Ne5 23. Qe2 Rb8 24. Bxe5 dxe5 25. Rhg1 Rfc8 26. b3 Bg5 27. Rh1 Bh4 28.
Rhg1 Qd6 29. Nd1 b5 30. axb5 axb5 31. Ne3 bxc4 32. Bxc4 g6 33. Ra6 Rb6 34. Rga1
Rcb8 35. R1a3 Qf6 36. Ng2 Bf2 37. Rxb6 Rxb6 38. Ra7 Rd6 39. Ne3 Qf4 40. Kd3 Qg3
41. Kd2 Kg7 42. Rc7 Qg1 43. Ra7 Bh4 44. Qf1 Qh2+ 45. Qg2 Qf4 46. Ra1 Bf2 0-1

[Event "VIII CAMPEONATO CONTINENTAL DE LAS AMERI"]
[Site "Hotel Casa Campestre - Cochaba"]
[Date "2013.05.10"]
[Round "5"]
[White "Aliaga Fernandez, Ingrid Y"]
[Black "Borda, Carla"]
[Result "1/2-1/2"]
[WhiteElo "2184"]
[BlackElo "1950"]
[PlyCount "80"]
[EventDate "2013.05.07"]
[EventRounds "11"]
[EventCountry "BOL"]

1. e4 c6 2. Nf3 d5 3. Nc3 dxe4 4. Nxe4 Nf6 5. Nxf6+ exf6 6. d4 Bg4 7. Be2 Bd6
8. O-O O-O 9. h3 Be6 10. Nd2 Nd7 11. Ne4 Bc7 12. c4 Re8 13. Ng3 Nb6 14. b3 Qb8
15. f4 a5 16. a4 Qa7 17. Bb2 Rad8 18. Bd3 Nd7 19. Qf3 Nf8 20. Kh1 Bb6 21. Ne2
Bc8 22. f5 Re7 23. Rad1 Rde8 24. c5 Bc7 25. Bc1 b6 26. Ng3 Bxg3 27. Qxg3 Kh8
28. Bf4 bxc5 29. dxc5 Ba6 30. Bd6 Rb7 31. Bxa6 Qxa6 32. Rde1 Qa8 33. Rxe8 Qxe8
34. Re1 Qc8 35. Bxf8 Qxf8 36. Qd6 Qc8 37. Rd1 h6 38. Qd8+ Qxd8 39. Rxd8+ Kh7
40. Rd3 h5 1/2-1/2

[Event "VIII CAMPEONATO CONTINENTAL DE LAS AMERI"]
[Site "Hotel Casa Campestre - Cochaba"]
[Date "2013.05.10"]
[Round "5"]
[White "Slomka, Gustavo"]
[Black "Saavedra, Carlos"]
[Result "0-1"]
[WhiteElo "2055"]
[BlackElo "2179"]
[PlyCount "74"]
[EventDate "2013.05.07"]
[EventRounds "11"]
[EventCountry "BOL"]

1. b3 d5 2. Bb2 Nf6 3. e3 Bf5 4. Nf3 e6 5. Be2 h6 6. O-O c5 7. Ne5 Nfd7 8. f4
Nxe5 9. fxe5 Be7 10. Bf3 Nc6 11. Nc3 Bh7 12. Ne2 Qc7 13. c4 dxc4 14. bxc4 O-O
15. d4 Bg5 16. d5 exd5 17. cxd5 Nxe5 18. d6 Nxf3+ 19. Rxf3 Qb6 20. Be5 Be4 21.
Rg3 f6 22. Bf4 Rad8 23. Nc3 Bxf4 24. exf4 c4+ 25. Kh1 Bd3 26. Qg4 Rf7 27. Re1
Qxd6 28. Rge3 Qd7 29. Qh5 a6 30. a4 Qf5 31. Re8+ Rxe8 32. Rxe8+ Rf8 33. Rxf8+
Kxf8 34. Qf3 Qd7 35. h3 Qd4 36. Qxb7 Qxc3 37. Qxa6 Qc1+ 0-1

[Event "VIII CAMPEONATO CONTINENTAL DE LAS AMERI"]
[Site "Hotel Casa Campestre - Cochaba"]
[Date "2013.05.10"]
[Round "5"]
[White "Ramirez, M. Eugenia"]
[Black "Salazar, Carlos"]
[Result "0-1"]
[WhiteElo "1996"]
[BlackElo "2167"]
[PlyCount "114"]
[EventDate "2013.05.07"]
[EventRounds "11"]
[EventCountry "BOL"]

1. e4 c5 2. c3 Nf6 3. e5 Nd5 4. g3 d6 5. exd6 Qxd6 6. Bg2 e6 7. Ne2 Be7 8. O-O
O-O 9. d4 Nc6 10. Nd2 cxd4 11. Ne4 Qc7 12. Nxd4 Nxd4 13. cxd4 Rd8 14. Bg5 Bxg5
15. Nxg5 h6 16. Nf3 b6 17. Rc1 Qd6 18. Ne5 Bb7 19. Qh5 Qe7 20. Qf3 Rac8 21.
Rfe1 Rc7 22. Rxc7 Qxc7 23. h4 Rb8 24. Bh3 Re8 25. g4 Qe7 26. a3 Qf6 27. Bg2
Qxf3 28. Bxf3 Re7 29. g5 hxg5 30. hxg5 Nf4 31. Kh2 f6 32. Bxb7 fxe5 33. Ba6
exd4 34. Bc4 Kf8 35. Kg3 e5 36. Kf3 g6 37. b3 Ke8 38. Rh1 Kd7 39. Ke4 Kd6 40.
Rh6 Kc6 41. a4 Kc5 42. Rh1 Kb4 43. f3 Kc3 44. Rc1+ Kd2 45. Rh1 d3 46. a5 Kc2
47. b4 d2 48. Bb5 Kc3 49. Rb1 bxa5 50. Ba4 axb4 51. Rb3+ Kc4 52. Rb2 Nd5 53.
Bb3+ Kc3 54. Rb1 Nb6 55. Bd1 a5 56. Rb3+ Kc4 57. Rb2 Rd7 0-1

[Event "VIII CAMPEONATO CONTINENTAL DE LAS AMERI"]
[Site "Hotel Casa Campestre - Cochaba"]
[Date "2013.05.10"]
[Round "5"]
[White "Medrano, Sebastian"]
[Black "Parraga, Alejandro"]
[Result "0-1"]
[WhiteElo "1803"]
[BlackElo "2163"]
[PlyCount "120"]
[EventDate "2013.05.07"]
[EventRounds "11"]
[EventCountry "BOL"]

1. d4 d5 2. Nf3 Nf6 3. Bf4 c6 4. c3 Bf5 5. e3 e6 6. Nbd2 h6 7. h3 Be7 8. Be2
O-O 9. Ne5 Nbd7 10. g4 Bh7 11. g5 hxg5 12. Bxg5 Nxe5 13. dxe5 Nd7 14. Bxe7 Qxe7
15. f4 Qh4+ 16. Kf1 f6 17. Nf3 Qh6 18. exf6 Rxf6 19. Ke1 Be4 20. Rh2 Bxf3 21.
Bxf3 e5 22. Bg4 Rd8 23. Bxd7 Rxd7 24. fxe5 Qxe3+ 25. Qe2 Qg1+ 26. Kd2 Qxa1 27.
exf6 Qxb2+ 28. Kd3 Qxe2+ 29. Rxe2 gxf6 30. Re8+ Kg7 31. Ra8 b6 32. Ke3 c5 33.
h4 Kg6 34. Rg8+ Kf5 35. h5 Rh7 36. Rd8 Ke6 37. Re8+ Kd7 38. Ra8 Rxh5 39. Rxa7+
Kc6 40. Rf7 Rh3+ 41. Kd2 Rh2+ 42. Kd3 Rxa2 43. Rxf6+ Kc7 44. Rf5 Kd6 45. Rf6+
Ke5 46. Rxb6 c4+ 47. Ke3 Rc2 48. Rh6 Rxc3+ 49. Kd2 Rf3 50. Rh5+ Kd4 51. Rh4+
Kc5 52. Rh8 Rf6 53. Kc3 d4+ 54. Kb2 Rf2+ 55. Ka3 d3 56. Rc8+ Kd4 57. Kb4 Rb2+
58. Ka3 Rb7 59. Ka2 d2 60. Ka3 Kc3 0-1

[Event "VIII CAMPEONATO CONTINENTAL DE LAS AMERI"]
[Site "Hotel Casa Campestre - Cochaba"]
[Date "2013.05.10"]
[Round "5"]
[White "Delgadillo, Adonay"]
[Black "Cruz Pereyra, Andresantoni"]
[Result "0-1"]
[WhiteElo "2161"]
[BlackElo "1947"]
[PlyCount "46"]
[EventDate "2013.05.07"]
[EventRounds "11"]
[EventCountry "BOL"]

1. e4 g6 2. d4 Bg7 3. Nc3 c6 4. Bc4 d5 5. Bb3 dxe4 6. Nge2 Nf6 7. O-O Bg4 8.
Bg5 O-O 9. Bxf6 exf6 10. Nxe4 Bxe2 11. Qxe2 f5 12. Ng3 Qxd4 13. Rad1 Qf6 14. c3
Na6 15. f3 Rad8 16. Qc4 b5 17. Qf4 Qe5 18. Qh4 Bf6 19. Qh6 Nc5 20. Rde1 Bg7 21.
Qh3 Qf4 22. Bd1 Nd3 23. Re2 Qg5 0-1

[Event "VIII CAMPEONATO CONTINENTAL DE LAS AMERI"]
[Site "Hotel Casa Campestre - Cochaba"]
[Date "2013.05.10"]
[Round "5"]
[White "Mendoza, Rodrigo"]
[Black "Nunez Marquina, Nataly Massiel"]
[Result "1-0"]
[WhiteElo "2148"]
[BlackElo "1942"]
[PlyCount "75"]
[EventDate "2013.05.07"]
[EventRounds "11"]
[EventCountry "BOL"]

1. d4 Nf6 2. Nf3 e6 3. c4 d5 4. Nc3 c6 5. e3 Nbd7 6. Bd3 Bd6 7. O-O O-O 8. Qc2
dxc4 9. Bxc4 e5 10. a4 a5 11. Re1 Qc7 12. Bd2 Nb6 13. Bd3 Re8 14. h3 h6 15.
Rac1 Nbd5 16. Nxd5 Nxd5 17. Red1 Qe7 18. dxe5 Bxe5 19. Nxe5 Qxe5 20. Qb3 Re7
21. Rc5 Qc7 22. Qa3 b6 23. Rcc1 c5 24. Bb1 Qe5 25. Qd3 g6 26. e4 Nc7 27. Bc3
Ba6 28. Qd8+ Rxd8 29. Rxd8+ Kg7 30. Bxe5+ Rxe5 31. Rd6 Re6 32. Rcd1 Kf6 33. Ba2
c4 34. f4 Ne8 35. e5+ Kg7 36. Rxe6 fxe6 37. Rd7+ Kf8 38. Ra7 1-0

[Event "VIII CAMPEONATO CONTINENTAL DE LAS AMERI"]
[Site "Hotel Casa Campestre - Cochaba"]
[Date "2013.05.10"]
[Round "5"]
[White "Celis, Kevin"]
[Black "Aguilar, Luis Miguel"]
[Result "1-0"]
[WhiteElo "2134"]
[BlackElo "1903"]
[PlyCount "98"]
[EventDate "2013.05.07"]
[EventRounds "11"]
[EventCountry "BOL"]

1. e4 g6 2. d4 Bg7 3. c4 c5 4. d5 d6 5. Nc3 e6 6. Nf3 exd5 7. cxd5 Nf6 8. Bb5+
Nbd7 9. Bf4 Qb6 10. Qb3 Qc7 11. Nd2 a6 12. Bxd7+ Nxd7 13. Nc4 Ne5 14. Bxe5 Bxe5
15. Nxe5 dxe5 16. O-O O-O 17. a4 Bd7 18. a5 Rab8 19. Qb6 Qxb6 20. axb6 f5 21.
f3 Rf6 22. f4 Re8 23. exf5 Bxf5 24. fxe5 Rxb6 25. Rad1 Rxb2 26. Rfe1 Rc2 27.
Ne4 Bxe4 28. Rxe4 c4 29. d6 c3 30. d7 Rd8 31. e6 Rd2 32. Rf1 c2 33. e7 R2xd7
34. exd8=Q+ Rxd8 35. Rc4 b5 36. Rxc2 Ra8 37. Rfc1 Kf7 38. Rc8 Rxc8 39. Rxc8 Ke6
40. Ra8 Kd5 41. Rxa6 b4 42. Rb6 Kc4 43. Rb7 h5 44. Kf2 b3 45. h4 Kc3 46. Kf3
Kc2 47. Kf4 b2 48. Kg5 b1=Q 49. Rxb1 Kxb1 1-0

[Event "VIII CAMPEONATO CONTINENTAL DE LAS AMERI"]
[Site "Hotel Casa Campestre - Cochaba"]
[Date "2013.05.10"]
[Round "5"]
[White "Rivas, Lucas"]
[Black "Sabas, Jorge"]
[Result "0-1"]
[WhiteElo "1987"]
[BlackElo "2302"]
[PlyCount "94"]
[EventDate "2013.05.07"]
[EventRounds "11"]
[EventCountry "BOL"]

1. d4 d5 2. Nf3 Nf6 3. Bf4 e6 4. e3 Be7 5. Bd3 O-O 6. Nbd2 b6 7. Qe2 c5 8. c3
Bb7 9. Ne5 Nbd7 10. O-O Nxe5 11. Bxe5 Nd7 12. Bg3 Re8 13. e4 cxd4 14. cxd4 dxe4
15. Nxe4 Nf6 16. Be5 Nxe4 17. Bxe4 Bxe4 18. Qxe4 Qd7 19. Qg4 Bf8 20. Rad1 Qb5
21. Rfe1 g6 22. b3 Red8 23. Qf3 Bg7 24. h4 Qd5 25. Qf4 f6 26. Bc7 Rd7 27. Qg3
Rc8 28. Bf4 Rc2 29. Rc1 Rxc1 30. Rxc1 Qxd4 31. Be3 Qe4 32. Qb8+ Kf7 33. Rc7
Rxc7 34. Qxc7+ Kg8 35. Qb8+ Bf8 36. Bf4 Qe1+ 37. Kh2 Qxf2 38. Bg3 Qc5 39. Qxa7
e5 40. Qd7 Qd4 41. Qe6+ Kg7 42. a4 Bc5 43. Qc6 Qg1+ 44. Kh3 Qh1+ 45. Bh2 Qe1
46. Qb5 h5 47. Bg3 Qh1+ 0-1

[Event "VIII CAMPEONATO CONTINENTAL DE LAS AMERI"]
[Site "Hotel Casa Campestre - Cochaba"]
[Date "2013.05.10"]
[Round "5"]
[White "Medrano, Mario"]
[Black "Caba, Edgar"]
[Result "1-0"]
[WhiteElo "2085"]
[BlackElo "1861"]
[PlyCount "95"]
[EventDate "2013.05.07"]
[EventRounds "11"]
[EventCountry "BOL"]

1. c4 Nf6 2. g3 e5 3. Bg2 Be7 4. Nc3 d6 5. e3 c6 6. d4 O-O 7. Nge2 Bf5 8. O-O
Nbd7 9. h3 e4 10. a4 h6 11. Qc2 d5 12. cxd5 cxd5 13. Qb3 Qc8 14. a5 Qc4 15.
Qxc4 dxc4 16. g4 Bg6 17. Ng3 Rab8 18. Ngxe4 b5 19. axb6 axb6 20. Nxf6+ Nxf6 21.
Nb5 Bb4 22. Nc3 Bxc3 23. bxc3 Ne4 24. Ba3 Nxc3 25. Bb4 Ne2+ 26. Kh2 Rfc8 27.
Bf3 Bd3 28. Rfe1 c3 29. Bxe2 Bxe2 30. Rxe2 Rc4 31. Bd6 Rd8 32. Bg3 b5 33. Rc2
b4 34. Rb1 Kf8 35. Kg2 Ke7 36. Kf3 Kd7 37. Ke4 Kc6 38. Kd3 Kb5 39. f3 Rcc8 40.
Be1 Ka4 41. Rbc1 Kb3 42. e4 f6 43. d5 g5 44. Bf2 Rc7 45. Bd4 Ka4 46. Bxf6 b3
47. Rxc3 b2 48. Rb1 1-0

[Event "VIII CAMPEONATO CONTINENTAL DE LAS AMERI"]
[Site "Hotel Casa Campestre - Cochaba"]
[Date "2013.05.10"]
[Round "5"]
[White "Lopez, Bruno"]
[Black "Cordero, Daniela"]
[Result "0-1"]
[WhiteElo "1734"]
[BlackElo "2074"]
[PlyCount "84"]
[EventDate "2013.05.07"]
[EventRounds "11"]
[EventCountry "BOL"]

1. e4 e6 2. d4 d5 3. Nd2 c5 4. c3 Nc6 5. Ngf3 Nf6 6. e5 Nd7 7. Bd3 g6 8. O-O
Bg7 9. b3 O-O 10. Re1 f6 11. Bb5 fxe5 12. dxc5 e4 13. Bxc6 bxc6 14. Nd4 Ne5 15.
a4 Nd3 16. Rf1 Qe8 17. Ba3 e5 18. Nc2 Qe7 19. Ne1 Nf4 20. Rb1 Qg5 21. Kh1 Bg4
22. f3 e3 23. fxg4 e2 24. Qc2 exf1=Q+ 25. Nxf1 Qxg4 26. Nf3 e4 27. Ne3 Qh5 28.
Nd4 Nd3 29. Nxc6 Rf2 30. Qd1 Qg5 31. Bc1 Nxc1 32. Qxc1 Bh6 33. b4 Raf8 34. h3
Qxe3 35. Qxe3 Bxe3 36. Ne7+ Kg7 37. Nxd5 Rf1+ 38. Rxf1 Rxf1+ 39. Kh2 Bg1+ 40.
Kg3 e3 41. Nxe3 Bxe3 42. c6 Bf4+ 0-1

[Event "VIII CAMPEONATO CONTINENTAL DE LAS AMERI"]
[Site "Hotel Casa Campestre - Cochaba"]
[Date "2013.05.10"]
[Round "5"]
[White "Arias, Pablo"]
[Black "Coro, Renan"]
[Result "1-0"]
[WhiteElo "2050"]
[BlackElo "1922"]
[PlyCount "66"]
[EventDate "2013.05.07"]
[EventRounds "11"]
[EventCountry "BOL"]

1. e4 d5 2. exd5 Qxd5 3. Nc3 Qa5 4. d4 c6 5. Bc4 Nf6 6. Nge2 Bf5 7. O-O e6 8.
Ng3 Bb4 9. Nxf5 Qxf5 10. Bd3 Qa5 11. Ne4 Nxe4 12. Bxe4 Nd7 13. c4 Nf6 14. Bf3
Rd8 15. Be3 Bd6 16. a3 Qc7 17. g3 h5 18. Qe2 b6 19. Rad1 Kf8 20. c5 Be7 21.
cxb6 axb6 22. Rc1 Nd5 23. Bxh5 Bd6 24. Bf3 Ne7 25. Rc2 e5 26. dxe5 Bxe5 27.
Bxb6 Qxb6 28. Qxe5 Qb3 29. Re2 Ng6 30. Qc7 Rb8 31. Qxc6 Qd3 32. Rfe1 Kg8 33.
Be4 Ne5 1-0

[Event "VIII CAMPEONATO CONTINENTAL DE LAS AMERI"]
[Site "Hotel Casa Campestre - Cochaba"]
[Date "2013.05.10"]
[Round "5"]
[White "Cortes Orihuela, Javier"]
[Black "Borda, Cesar"]
[Result "0-1"]
[WhiteElo "2032"]
[BlackElo "1838"]
[PlyCount "82"]
[EventDate "2013.05.07"]
[EventRounds "11"]
[EventCountry "BOL"]

1. d4 Nf6 2. c4 g6 3. Nc3 d5 4. Nf3 Bg7 5. Qb3 dxc4 6. Qxc4 O-O 7. e4 c6 8. Be2
Nbd7 9. O-O Re8 10. Ng5 e6 11. e5 Nd5 12. Nge4 Qc7 13. Bf3 Rd8 14. Bg5 f6 15.
exf6 N7xf6 16. Rac1 Qf7 17. Rfe1 h6 18. Nxf6+ Bxf6 19. Bxf6 Qxf6 20. Rcd1 Bd7
21. Ne4 Qe7 22. Nc5 b6 23. Nxd7 Qxd7 24. Bg4 Re8 25. Re5 Re7 26. Rde1 Rae8 27.
Qe2 Nc7 28. Qe4 Kg7 29. h4 Rf7 30. h5 Rf6 31. hxg6 Qd6 32. f4 Ref8 33. f5 exf5
34. Bxf5 Nd5 35. a3 a5 36. Re2 b5 37. g4 b4 38. g5 hxg5 39. Rh2 Rxf5 40. Rxf5
Rxf5 41. Qxf5 Qg3+ 0-1

[Event "VIII CAMPEONATO CONTINENTAL DE LAS AMERI"]
[Site "Hotel Casa Campestre - Cochaba"]
[Date "2013.05.10"]
[Round "5"]
[White "Prado, Alexandra"]
[Black "Molina, Ruben"]
[Result "1-0"]
[WhiteElo "1790"]
[BlackElo "2030"]
[PlyCount "47"]
[EventDate "2013.05.07"]
[EventRounds "11"]
[EventCountry "BOL"]

1. e4 d5 2. exd5 Qxd5 3. Nc3 Qa5 4. d4 c6 5. Nf3 Bg4 6. h3 Bh5 7. Bc4 e6 8. Bd2
Qc7 9. g4 Bg6 10. Ne5 Bd6 11. Bf4 Nd7 12. Qe2 Ngf6 13. h4 h5 14. Nxg6 Bxf4 15.
Nxh8 O-O-O 16. Nxf7 Rf8 17. Ne5 Bxe5 18. dxe5 Nxg4 19. Rf1 b5 20. Bxe6 Re8 21.
Bxg4 hxg4 22. O-O-O Nxe5 23. Rfe1 Qf7 24. Kb1 1-0